banner koha

Relatorio final no subprojeto CARPE (modelo de cartas de pesca)referente ao bonito-listrado (Katsuwonus pelamis)apresentado a Comissao Interministerial para os recursos do mar (CIRM) (Registro n. 42439)

MARC details
000 -LÍDER
campo de controle de tamanho fixo 00971nam a22002777a 4500
001 - NÚMERO DE CONTROLE
campo de controle BR8805096
003 - IDENTIFICADOR DO NÚMERO DE CONTROLE
campo de controle BR-BrBNA
005 - DATA E HORÁRIO DA ÚLTIMA TRANSAÇÃO
campo de controle 20230928093009.0
007 - CAMPO FIXO DE DESCRIÇÃO FÍSICA--INFORMAÇÃO GERAL
campo de controle de tamanho fixo ta
008 - CAMPO DE DADOS FIXOS--INFORMAÇÃO GERAL
campo de controle de tamanho fixo 230509b bl.||||| |||| 00| 0 por d
040 ## - FONTE DA CATALOGAÇÃO
Instituição da catalogação original BR-BrBNA
Idioma da catalogação por
Instituição que transcreveu o registro Biblioteca Nacional de Agricultura
041 ## - CÓDIGO DE IDIOMA
Código do idioma do texto/trilha sonora ou título diferente (Por)
072 ## - CÓDIGO DE CATEGORIA DE ASSUNTO
Código de Categoria de Assunto M11; M40
Código do objeto 8150
-- /G514
090 ## - NÚMERO DE CHAMADA LOCAL
-- 8150 BR8805096
100 1# - ENTRADA PRINCIPAL--NOME PESSOAL
Nome pessoal Maluf, S.
110 1# - ENTRADA PRINCIPAL--NOME CORPORATIVO
Nome corporativo ou nome da jurisdição Instituto de Pesquisas Espaciais, Sao Jose dos Campos, SP (Brasil)
245 1# - TÍTULO
Título Relatorio final no subprojeto CARPE (modelo de cartas de pesca)referente ao bonito-listrado (Katsuwonus pelamis)apresentado a Comissao Interministerial para os recursos do mar (CIRM)
Restante do título INPE-3707-RPE/495
260 3# - PUBLICAÇÃO, DISTRIBUIÇÃO, ETC.
Local de publicação, distribuição, etc. Sao Jose dos Campos, SP (Brasil):
Data da publicação, distribuição, etc. 1985.
300 ## - DESCRIÇÃO FÍSICA
Extensão 86 p.
500 ## - NOTA GERAL
Nota geral 21 illus.; 12 tables; 16 ref.; Summary (Eng)
650 ## - ASSUNTO--TERMO TÓPICO
Cabeçalho tópico ou nome geográfico PESCA MARINHA
650 ## - ASSUNTO--TERMO TÓPICO
Cabeçalho tópico ou nome geográfico BONITO
650 ## - ASSUNTO--TERMO TÓPICO
Cabeçalho tópico ou nome geográfico SENSORIAMENTO REMOTO
909 ## -
-- 202309
-- Lucia
-- 55
-- Lucia Elande
942 ## - ELEMENTOS DE ENTRADA ADICIONADOS (KOHA)
Tipo de material Koha Livros
Exemplares
Situação do descarte Fonte da classificação ou esquema de arquivamento na estante Situação física Não pode ser emprestado Coleção Biblioteca de origem Biblioteca atual Total de empréstimos Número de telefone completo Código de barras Data de último acesso Número do exemplar Tipo de material Koha Situação das perdas Data de aquisição Fonte de aquisição
  Classificação AGRIS       Biblioteca Nacional de Agricultura - Binagri Biblioteca Nacional de Agricultura - Binagri   8150 BR8805096 8150 BR8805096 25/09/2023 01 Livros   2023-09-25 Portaria Interministerial nº 164/94

BINAGRI

Telefone: (61)3218-2567/2388/3357/2097 - binagri@agro.gov.br

Ministério da Agricultura e Pecuária , Esplanada dos Ministérios, Bloco D, Anexo B, Brasília/DF, CEP: 70.043-900